[Event "Portoroz op"]
[Site "Portoroz"]
[Date "1995.??.??"]
[Round "?"]
[White "Benci, L."]
[Black "Turuncic, Bojan"]
[Result "0-1"]
[WhiteElo "1800"]
[BlackElo "2135"]
[PlyCount "59"]
[EventDate "1995.04.??"]
[EventType "swiss"]
[EventRounds "9"]
[EventCountry "SLO"]
[SourceTitle "CBM 046 Extra"]
[Source "ChessBase"]
[SourceDate "1995.07.01"]
[SourceVersion "1"]
[SourceVersionDate "1995.07.01"]
[SourceQuality "1"]

1. d4 Nf6 2. Nf3 e6 3. c4 c5 4. e3 d5 5. Nc3 Be7 6. Bd3 b6 7. cxd5 exd5 8. dxc5 bxc5 9. 0-0 0-0 10. b3 Na6 11. Bb2 Nb4 12. Be2 Bf5 13. Rc1 Rc8 14. a3 Nc6 15. Ba6 Rb8 16. Bb5 Qd6 17. Ba4 a6 18. Qe2 Nd8 19. Rfd1 Ne6 20. Qd2 Rfd8 21. Nh4 Ng4 22. Nxf5 Qxh2+ 23. Kf1 Bg5 24. Ne2 Qh1+ 25. Ng1 Nh2+ 26. Ke2 Qxg2 27. Qc2 Ng4 28. Rf1 d4 29. Rcd1 dxe3 30. Rd6 0-1

[Event "Portoroz op"]
[Site "Portoroz"]
[Date "1995.??.??"]
[Round "?"]
[White "Benci, L."]
[Black "Vospernik, Andrej"]
[Result "0-1"]
[WhiteElo "1800"]
[BlackElo "2150"]
[PlyCount "50"]
[EventDate "1995.04.??"]
[EventType "swiss"]
[EventRounds "9"]
[EventCountry "SLO"]
[SourceTitle "CBM 046 Extra"]
[Source "ChessBase"]
[SourceDate "1995.07.01"]
[SourceVersion "1"]
[SourceVersionDate "1995.07.01"]
[SourceQuality "1"]

1. d4 Nf6 2. c4 e5 3. d5 Ne4 4. Nf3 Bb4+ 5. Bd2 Nxd2 6. Nbxd2 Qe7 7. a3 Bxd2+ 8. Qxd2 a5 9. e4 a4 10. Bd3 Na6 11. 0-0 d6 12. Bc2 Nc5 13. Qe3 0-0 14. Ne1 f5 15. exf5 Bxf5 16. Bxf5 Rxf5 17. Nd3 Nb3 18. Rae1 Qf7 19. f3 Nd4 20. Qd2 Rf8 21. Re4 Qg6 22. f4 Rh5 23. Qe3 Nf5 24. Qe2 Rxh2 25. Kxh2 Ng3 0-1

[Event "Portoroz op"]
[Site "Portoroz"]
[Date "1995.??.??"]
[Round "?"]
[White "Sosic, V."]
[Black "Benci, L."]
[Result "1-0"]
[WhiteElo "1850"]
[BlackElo "1800"]
[PlyCount "37"]
[EventDate "1995.04.??"]
[EventType "swiss"]
[EventRounds "9"]
[EventCountry "SLO"]
[SourceTitle "CBM 046 Extra"]
[Source "ChessBase"]
[SourceDate "1995.07.01"]
[SourceVersion "1"]
[SourceVersionDate "1995.07.01"]
[SourceQuality "1"]

1. e4 c6 2. c4 d5 3. exd5 cxd5 4. cxd5 Nf6 5. Bb5+ Bd7 6. Bc4 g6 7. Qe2 Qc7 8. Nc3 a6 9. a4 Bg7 10. Nf3 0-0 11. 0-0 Bg4 12. d3 Nbd7 13. h3 Bxf3 14. Qxf3 Ne5 15. Qe2 Rac8 16. Bf4 Nfd7 17. Ba2 Qc5 18. Be3 Qb4 19. f4 1-0